Enrique Gómez Carrillo / (Record no. 5708)
[ view plain ]
| 000 -CABECERA | |
|---|---|
| campo de control de longitud fija | 00784cam a2200229 a 4500 |
| 001 - NÚMERO DE CONTROL | |
| campo de control | 000005912 |
| 005 - FECHA Y HORA DE LA ÚLTIMA TRANSACCIÓN | |
| campo de control | 20240305134030.0 |
| 008 - DATOS DE LONGITUD FIJA--INFORMACIÓN GENERAL | |
| campo de control de longitud fija | 830119s1973 gt a b f001 0bspa |
| 040 ## - FUENTE DE LA CATALOGACIÓN | |
| Centro catalogador/agencia de origen | DO-SdBNP |
| Centro/agencia transcriptor | DLC |
| Centro/agencia modificador | DLC |
| 082 ## - NÚMERO DE LA CLASIFICACIÓN DECIMAL DEWEY | |
| Número de clasificación | 928.7281 |
| Número de documento/Ítem | G633B, 1973. |
| 100 1# - ENTRADA PRINCIPAL--NOMBRE DE PERSONA | |
| Nombre de persona | Barrientos, Alfonso Enrique, |
| Fechas asociadas al nombre | 1921-2007. |
| 9 (RLIN) | 16676 |
| 245 10 - MENCIÓN DE TÍTULO | |
| Título | Enrique Gómez Carrillo / |
| Mención de responsabilidad, etc. | Alfonso Enrique Barrientos. |
| 250 ## - MENCIÓN DE EDICIÓN | |
| Mención de edición | 2a ed. |
| 260 ## - PUBLICACIÓN, DISTRIBUCIÓN, ETC. | |
| Lugar de publicación, distribución, etc. | Guatemala : |
| Nombre del editor, distribuidor, etc. | José de Pineda Ibarra, |
| Fecha de publicación, distribución, etc. | 1973. |
| 300 ## - DESCRIPCIÓN FÍSICA | |
| Extensión | 306 p. : |
| Otras características físicas | il. ; |
| Dimensiones | 21 cm. |
| 490 1# - MENCIÓN DE SERIE | |
| Mención de serie | Centenario ; |
| Designación de volumen o secuencia | no. 1 |
| 504 ## - NOTA DE BIBLIOGRAFÍA, ETC. | |
| Nota de bibliografía, etc. | Bibliografía: p. 281-291. |
| 600 10 - PUNTO DE ACCESO ADICIONAL DE MATERIA--NOMBRE DE PERSONA | |
| Nombre de persona | Gómez Carrillo, Enrique, |
| Fechas asociadas al nombre | 1873-1927 |
| 9 (RLIN) | 16677 |
| 650 #4 - PUNTO DE ACCESO ADICIONAL DE MATERIA--TÉRMINO DE MATERIA | |
| Término de materia o nombre geográfico como elemento de entrada | Autores guatemaltecos |
| Subdivisión cronológica | SIGLO XX |
| Subdivisión general | Biografía |
| 9 (RLIN) | 16678 |
| 830 #0 - PUNTO DE ACCESO ADICIONAL DE SERIE-TÍTULO UNIFORME | |
| Título uniforme | Centenario ; |
| Designación de volumen o secuencia | no. 1. |
| 9 (RLIN) | 14767 |
| 910 ## - DATOS DE OPCIÓN DEL USUARIO (OCLC) | |
| Datos de opción del usuario | Catalogación por copia / LC |
| Estado de retiro | Estado de pérdida | Restricciones de uso | No para préstamo | Código de colección | Localización permanente | Ubicación/localización actual | Ubicación en estantería | Fecha de adquisición | Número de inventario | Total de préstamos | Signatura topográfica completa | Código de barras | Fecha visto por última vez | Precio válido a partir de | Tipo de ítem Koha |
|---|---|---|---|---|---|---|---|---|---|---|---|---|---|---|---|
| Préstamo interno | Monografías: Libros y Folletos | General | General | En catalogación | 24.08.2009 | LF1 | 928.7281 G633B, 1973. | 5912-10 | 25.06.2020 | 25.06.2020 | Préstamo interno |
